Advanced engineering electromagnetics (Record no. 11930)

000 -LEADER
fixed length control field 02127cam a2200349 a 4500
001 - CONTROL NUMBER
control field 16862184
005 - DATE AND TIME OF LATEST TRANSACTION
control field 20170105102351.0
008 - FIXED-LENGTH DATA ELEMENTS--GENERAL INFORMATION
fixed length control field 110708s2012 njua b 001 0 eng
010 ## - LIBRARY OF CONGRESS CONTROL NUMBER
LC control number 2011029122
020 ## - INTERNATIONAL STANDARD BOOK NUMBER
International Standard Book Number 9780470589489
040 ## - CATALOGING SOURCE
Original cataloging agency DLC
Transcribing agency DLC
Modifying agency DLC
042 ## - AUTHENTICATION CODE
Authentication code pcc
050 00 - LIBRARY OF CONGRESS CALL NUMBER
Classification number QC760
Item number .B25 2012
082 00 - DEWEY DECIMAL CLASSIFICATION NUMBER
Classification number 537
Edition number 23
084 ## - OTHER CLASSIFICATION NUMBER
Classification number SCI022000
Number source bisacsh
100 1# - MAIN ENTRY--PERSONAL NAME
Personal name Balanis, Constantine A.,
Dates associated with a name 1938-
245 10 - TITLE STATEMENT
Title Advanced engineering electromagnetics
Statement of responsibility, etc. Constantine A. Balanis.
250 ## - EDITION STATEMENT
Edition statement 2nd ed.
260 ## - PUBLICATION, DISTRIBUTION, ETC.
Place of publication, distribution, etc. Hoboken, N.J. :
Name of publisher, distributor, etc. John Wiley & Sons,
Date of publication, distribution, etc. c2012.
300 ## - PHYSICAL DESCRIPTION
Extent xx, 1018 p. :
Other physical details ill. ;
Dimensions 27 cm. +
Accompanying material 1 web registration card
500 ## - GENERAL NOTE
General note 1. Electromagnetism.
504 ## - BIBLIOGRAPHY, ETC. NOTE
Bibliography, etc. note Includes bibliographical references and index.
520 ## - SUMMARY, ETC.
Summary, etc. "Balanis' new edition of Advanced Engineering and Electromagnetics features new content on the basics of Metamaterials including figures to demonstrate their properties. Several small sections have been added on Mie series scattering by a PEC sphere; wedge diffraction by a wedge with surface impedances; and curve surface diffraction. Throughout the book, there are more helpful examples, end-of-chapter problems, and references as well as lecture notes in PowerPoint format. The revised edition also features MATLAB programs to animate some of the wave phenomena such as: propagation, reflection and refraction by planar interfaces; scattering by PEC circular cylinder, dielectric circular cylinder, dielectric coated PEC circular cylinder, and PEC sphere; and wedge defraction by 2-D PEC wedge"--
650 #0 - SUBJECT ADDED ENTRY--TOPICAL TERM
Topical term or geographic name entry element Electromagnetism.
650 #7 - SUBJECT ADDED ENTRY--TOPICAL TERM
Topical term or geographic name entry element SCIENCE / Electromagnetism.
Source of heading or term bisacsh
856 42 - ELECTRONIC LOCATION AND ACCESS
Materials specified Cover image
Uniform Resource Identifier <a href="http://catalogimages.wiley.com/images/db/jimages/9780470589489.jpg">http://catalogimages.wiley.com/images/db/jimages/9780470589489.jpg</a>
856 42 - ELECTRONIC LOCATION AND ACCESS
Materials specified Publisher description
Uniform Resource Identifier <a href="http://www.loc.gov/catdir/enhancements/fy1210/2011029122-d.html">http://www.loc.gov/catdir/enhancements/fy1210/2011029122-d.html</a>
856 41 - ELECTRONIC LOCATION AND ACCESS
Materials specified Table of contents only
Uniform Resource Identifier <a href="http://www.loc.gov/catdir/enhancements/fy1210/2011029122-t.html">http://www.loc.gov/catdir/enhancements/fy1210/2011029122-t.html</a>
906 ## - LOCAL DATA ELEMENT F, LDF (RLIN)
a 7
b cbc
c orignew
d 1
e ecip
f 20
g y-gencatlg
942 ## - ADDED ENTRY ELEMENTS (KOHA)
Source of classification or shelving scheme
Koha item type Book
Holdings
Withdrawn status Lost status Damaged status Not for loan Collection code Permanent Location Current Location Shelving location Date acquired Source of acquisition Cost, normal purchase price Total Checkouts Total Renewals Full call number Barcode Date last seen Date last checked out Price effective from Koha item type
          Central Library (CL) Central Library (CL) General Stacks 06/04/2013 A&J DEF Tek Consultant 7209.24 14 10 537 BAL SEECS012426 03/09/2026 09/15/2025 06/14/2013 Book
          Central Library (CL) Central Library (CL) General Stacks 06/04/2013 A&J DEF Tek Consultant 7209.24 10 8 537 BAL SEECS012427 03/09/2026 09/16/2019 06/14/2013 Book
© 2023 Central Library, National University of Sciences and Technology. All Rights Reserved.